[Event "24th Politiken Cup"]
[Site "Copenhagen DEN"]
[Date "2002.07.18"]
[Round "4"]
[White "McShane,L"]
[Black "Hillarp Persson,T"]
[Result "0-1"]
[WhiteElo "2544"]
[BlackElo "2461"]

1.e4 e6 2.d4 d5 3.Nd2 dxe4 4.Nxe4 Bd7 5.Nf3 Bc6 6.Bd3 Nd7 7.Qe2 Ngf6 8.Neg5 Qe7
9.Ne5 Nxe5 10.dxe5 Nd7 11.O-O h6 12.Nf3 Qb4 13.Nd2 a5 14.Nb3 a4 15.c3 Qb6
16.Nd4 Bd5 17.Be3 c5 18.Nc2 Nxe5 19.Nb4 Nxd3 20.Nxd5 Qc6 21.Rad1 Rd8 22.Rxd3 Rxd5
23.Rxd5 Qxd5 24.Rd1 Qc6 25.Qg4 g6 26.Bd4 cxd4 27.Qxd4 Qd5 28.Qxa4+ b5 29.Qg4 h5
30.Qe2 Qc5 31.Qe4 Bg7 32.Qa8+ Ke7 33.Qb7+ Kf6 34.Rd3 Rf8 35.Rf3+ Kg5 36.Rxf7 Rxf7
37.Qxf7 Qd5 38.h4+ Kh6 39.a3 Qd1+ 40.Kh2 Qg4 41.g3 Qf5 42.Qa7 Bf8 43.Qe3+ Kh7
44.Kg2 Bc5 45.Qe2 Kg7 46.f3 Bb6 47.Qd1 Qc5 48.Qf1 Kf6 49.b3 Qxc3 50.Qxb5 Qc2+
51.Kh3 Qf5+ 52.Qxf5+ exf5 53.Kg2 Ke5 54.Kf1 Kd4 55.Ke2 Kc3 56.b4 Kc4 57.g4 hxg4
58.fxg4 fxg4 59.Kf1 Kb3 60.Kg2 Bc7  0-1

[Event "24th Politiken Cup"]
[Site "Copenhagen DEN"]
[Date "2002.07.19"]
[Round "5"]
[White "Adamski,J"]
[Black "McShane,L"]
[Result "1/2-1/2"]
[WhiteElo "2304"]
[BlackElo "2544"]

1.Nf3 d6 2.d4 g6 3.c4 Bg7 4.Nc3 Nd7 5.e4 e6 6.Be2 Ne7 7.O-O h6 8.Be3 O-O
9.Qc2 a6 10.Rad1 g5 11.c5 Ng6 12.cxd6 cxd6 13.d5 e5 14.Nd2 b5 15.g3 Nf4 16.Bg4 Nf6
17.Bxc8 Qxc8 18.gxf4 exf4 19.Bd4 b4 20.f3 Nd7 21.Bxg7 Kxg7 22.Rc1 Qc5+ 23.Kg2 Rfc8
24.Qa4 Nb6 25.Qb3 bxc3 26.Qxc3+ Qxc3 27.Rxc3 Rxc3 28.bxc3 Rc8 29.Rb1 Na4
30.c4 Kf6 31.Rb7 Nc5 32.Ra7 h5 33.h3 Rb8 34.Nb3 Nxb3 35.axb3 Rxb3 36.Rxa6 Ke5
37.Ra7 Kd4 38.e5 Rb2+ 39.Kg1 dxe5 40.d6 Kc5 41.d7 Rd2 42.Ra5+ Kxc4 43.Rxe5 Rxd7
44.Rxg5 Kd4 45.Rxh5 Ke3 46.Ra5 Rd1+ 47.Kg2 Rd2+ 48.Kg1 Kxf3 49.Ra3+ Ke4 50.h4 f3
51.h5 Rg2+ 52.Kf1 Rh2 53.Ra7 f6 54.Rf7 Ke3 55.Re7+ Kf4 56.Rf7 Kf5 57.Rf8 Kg5
58.Rg8+ Kf4 59.Rh8 Rh1+ 60.Kf2 Rh2+ 61.Kf1 f5 62.h6 Kg5 63.Rg8+ Kf4 64.Rh8 Rh5
65.Kf2 Rh1 66.Rh7 Rh2+ 67.Kf1 f2 68.Ra7 Kg4 69.h7 f4 70.Rg7+ Kf3 71.h8=Q Rxh8
72.Rh7  1/2-1/2

[Event "24th Politiken Cup"]
[Site "Copenhagen DEN"]
[Date "2002.07.23"]
[Round "8"]
[White "McShane,L"]
[Black "Epishin,V"]
[Result "1/2-1/2"]
[WhiteElo "2544"]
[BlackElo "2643"]

1.e4 c5 2.Nf3 e6 3.d4 cxd4 4.Nxd4 a6 5.Bd3 Bc5 6.Nb3 Be7 7.Qg4 g6 8.Qe2 d6
9.O-O Nd7 10.Nc3 Qc7 11.a4 b6 12.Bd2 Bb7 13.Rae1 h5 14.Kh1 Ngf6 15.Bg5 h4
16.h3 Ne5 17.Nd2 Nh5 18.Bxe7 Kxe7 19.Nf3 Nxf3 20.Qxf3 g5 21.Nd1 f5 22.Ne3 Raf8
23.Qd1 f4 24.Ng4 e5 25.Be2 Ng7 26.Bf3 Bc8 27.Re2 Ne6 28.Rd2 Nc5 29.Nh2 Bb7
30.c4 a5 31.Re1 Rd8 32.b3 Bc6 33.Qb1 Qb7 34.Rde2 Rdg8 35.Bg4 Rf8 36.f3 Rd8
37.Bf5 Be8 38.Ng4 Bf7 39.Rd2 Qc7 40.Red1 Rhf8 41.Nf2 Be8 42.Qb2 Nb7 43.Kh2  1/2-1/2

[Event "ch-GBR"]
[Site "Torquay ENG"]
[Date "2002.07.29"]
[Round "1"]
[White "McShane,L"]
[Black "Ramaswamy,A"]
[Result "1-0"]
[WhiteElo "2544"]
[BlackElo "2290"]

1.e4 c5 2.Nf3 Nc6 3.Bb5 e6 4.Bxc6 bxc6 5.d3 Ne7 6.Qe2 f6 7.Nh4 g6 8.f4 Bg7
9.O-O O-O 10.c4 d6 11.Nc3 Rb8 12.Be3 Bd7 13.Rf2 Rb7 14.Raf1 e5 15.f5 g5 16.Nf3 Nc8
17.g4 Be8 18.h4 h6 19.Qd2 Rff7 20.Rh2 Bf8 21.hxg5 hxg5 22.Bxg5 fxg5 23.Nxg5 Rh7
24.Nxh7 Rxh7 25.Rxh7 Kxh7 26.g5 Kg8 27.Rf3 Nb6 28.Qh2 Nd7 29.Rh3 Bg7 30.Qg3 Qe7
31.Qh4 Qd8 32.Qh7+ Kf8 33.f6 Nxf6 34.Rf3 Qe7 35.gxf6 Bxf6 36.Qh8+ Kf7 37.Nd1 Bd7
38.Ne3 Be6 39.Qh7+ Kf8 40.Qg6  1-0

[Event "ch-GBR"]
[Site "Torquay ENG"]
[Date "2002.07.30"]
[Round "2"]
[White "Ward,C"]
[Black "McShane,L"]
[Result "1-0"]
[WhiteElo "2498"]
[BlackElo "2544"]

1.d4 Nf6 2.c4 g6 3.f3 Bg7 4.e4 d6 5.Be3 O-O 6.Qd2 c5 7.Ne2 cxd4 8.Nxd4 Nc6
9.Nc3 Nxd4 10.Bxd4 Be6 11.Nd5 Bxd5 12.exd5 Re8 13.O-O-O a6 14.Kb1 Qd7 15.g4 b5
16.g5 Nh5 17.Bxg7 Kxg7 18.h4 bxc4 19.Bh3 Qb5 20.Rc1 Rab8 21.Qd4+ Kg8 22.Rxc4 Nf4
23.Bd7 Qxd7 24.Qxf4 Qb5 25.Qd4 e5 26.dxe6 Rxe6 27.Rhc1 Qf5+ 28.Ka1 Rbe8 29.Qf4 Re5
30.a3 a5 31.Qxf5 Rxf5 32.f4 Kg7 33.Rd1 d5 34.Ra4 Re4 35.Rxa5 Rfxf4 36.Raxd5 Rxh4
37.b4 h6 38.gxh6+ Kxh6 39.b5 f5 40.b6 Ra4 41.Kb2 Ra8 42.Rd8 Rh2+ 43.Kb3 Rh3+
44.R1d3 Rxd3+ 45.Rxd3 f4 46.Kc2 g5 47.b7 Rb8 48.Rb3 g4 49.Kd2 Kg5 50.Ke2 f3+
51.Kf2 Kf4 52.Rb4+ Ke5 53.a4 Kd6 54.a5 Kc7 55.a6 g3+ 56.Kxg3 Rg8+ 57.Kxf3 Kb8
58.Re4 Ka7 59.Re6 Rf8+ 60.Kg4 Rg8+ 61.Kf5 Rd8 62.Kf6 Rf8+ 63.Kg7 Rd8 64.Kf7 Rd7+
65.Re7 Rd1 66.Re8 Rf1+ 67.Kg6 Rg1+ 68.Kh5  1-0

[Event "ch-GBR"]
[Site "Torquay ENG"]
[Date "2002.07.31"]
[Round "3"]
[White "McShane,L"]
[Black "Addison,B"]
[Result "1-0"]
[WhiteElo "2544"]
[BlackElo "2219"]

1.e4 e6 2.d4 d5 3.Nd2 Nf6 4.e5 Nfd7 5.f4 c5 6.c3 Nc6 7.Ndf3 Qb6 8.a3 cxd4
9.cxd4 Na5 10.Ne2 Qb3 11.Nd2 Qxd1+ 12.Kxd1 b5 13.b3 Be7 14.Bb2 Bb7 15.Ng1 a6
16.Ngf3 O-O 17.Bd3 Nb6 18.g4 f5 19.gxf5 exf5 20.Ke2 Nc6 21.h4 Nd8 22.h5 Ne6
23.Ke3 Rf7 24.Rag1 Nd7 25.Ng5 Bxg5 26.fxg5 g6 27.Nf3 Ndf8 28.Bc3 Rc7 29.Ba5 Rc6
30.Rb1 Bc8 31.a4 Rb8 32.axb5 axb5 33.Bb4 Ra6 34.Ra1 Rxa1 35.Rxa1 Bd7 36.h6 Kf7
37.Bd6 Rb7 38.Ra8 Be8 39.Kd2 Nd7 40.Kc3 Nf4 41.Bf1 Nb6 42.Ra6 Nc8 43.Kb4 Na7
44.e6+ Nxe6 45.Ne5+ Kg8 46.Bg2 Nf4 47.Bf3 Nc8 48.Bc5 Rc7 49.Ra8 Bc6 50.Nxc6 Rxc6
51.Kxb5  1-0

[Event "ch-GBR"]
[Site "Torquay ENG"]
[Date "2002.08.01"]
[Round "4"]
[White "Devereaux,M"]
[Black "McShane,L"]
[Result "0-1"]
[WhiteElo "2318"]
[BlackElo "2544"]

1.e4 c5 2.Nf3 Nc6 3.d4 cxd4 4.Nxd4 Nf6 5.Nc3 e5 6.Ndb5 d6 7.Bg5 a6 8.Na3 b5
9.Bxf6 gxf6 10.Nd5 f5 11.c3 Bg7 12.exf5 Bxf5 13.Nc2 Be6 14.g3 O-O 15.Bg2 a5
16.O-O Rb8 17.Qe2 f5 18.Rfd1 Qd7 19.Rd2 e4 20.Rad1 Ne5 21.Nf4 Bc4 22.Qe1 Bxa2
23.Rxd6 Qe7 24.Ne3 Bb3 25.R1d2 Nd3 26.Nxf5 Qxd6 27.Qxe4 Qe5 28.Ne7+ Kf7 29.Qxd3 Qe1+
30.Bf1 Qxe7 31.Qxh7 Rh8 32.Qf5+ Qf6 33.Qd7+ Kg8 34.Rd6 Qf7 35.Qg4 Rf8 36.Rd7 Qf6
37.Ra7 Rh6 38.Bxb5 Bc2 39.Bc4+ Kh8 40.Rxa5 Bf5 41.Qe2 Qc6 42.Bd5 Qe8 43.Qd2 Be5
44.Ra8 Qe7 45.Nd3 Bg7 46.Rxf8+ Qxf8 47.Nf4 Qe7 48.b4 Qe5 49.c4 Ra6 50.Bf3 Rd6
51.Qa2 Qa1+ 52.Qxa1 Bxa1 53.c5 Rd4 54.Nd5 Be6 55.Nc7 Bh3 56.Nd5 Be6 57.Nc7 Bh3
58.Nd5 Rc4 59.Ne3 Rc1+ 60.Nd1 Bd4 61.c6 Bb6 62.b5 Kg7 63.g4 Kg6  0-1

[Event "ch-GBR"]
[Site "Torquay ENG"]
[Date "2002.08.02"]
[Round "5"]
[White "McShane,L"]
[Black "Kunte,A"]
[Result "1/2-1/2"]
[WhiteElo "2544"]
[BlackElo "2477"]

1.d4 d5 2.c4 e6 3.Nc3 Nf6 4.cxd5 exd5 5.Bg5 c6 6.Qc2 Na6 7.a3 Nc7 8.e3 Ne6
9.Bh4 Be7 10.Bd3 g6 11.Nge2 Ng7 12.f3 O-O 13.O-O b6 14.Rad1 Bb7 15.Kh1 Rc8
16.h3 Nd7 17.Bg3 Bh4 18.Bh2 c5 19.Qd2 cxd4 20.Nxd4 a6 21.e4 Nc5 22.e5 f6
23.Bb1 fxe5 24.Bxe5 Bf6 25.Rfe1 Bxe5 26.Rxe5 Qd6 27.Rde1 Ne4 28.Bxe4 dxe4
29.f4 Nf5 30.Rd1 Rcd8 31.Nce2 e3 32.Qe1 Nxd4 33.Rxd4 Qc6 34.Qg3 Rxd4 35.Nxd4 Qc1+
36.Kh2 Qxb2 37.Ne6 Re8 38.Rxe3 Qf6 39.Ng5 Rf8 40.Re6 Qxf4 41.Rxb6 Qxg3+ 42.Kxg3 Rf5
43.Nxh7 Bxg2 44.Nf6+ Kg7 45.Ne8+ Kf8 46.Kxg2 Rg5+ 47.Kf3 Kxe8 48.Rxa6 Kf7
49.Rc6 Ra5 50.Rc3 Ra4 51.Re3 g5 52.Ke2 g4 53.hxg4 Rxg4 54.Kd3 Ra4 55.Kc2 Ra7
56.Kb3 Re7 57.Rd3 Ke8 58.Kb4 Rd7 59.Rxd7  1/2-1/2

[Event "ch-GBR"]
[Site "Torquay ENG"]
[Date "2002.08.05"]
[Round "7"]
[White "McShane,L"]
[Black "Pert,N"]
[Result "1-0"]
[WhiteElo "2544"]
[BlackElo "2460"]

1.e4 e6 2.d4 d5 3.Nd2 c5 4.Ngf3 Nf6 5.exd5 exd5 6.Bb5+ Bd7 7.Bxd7+ Nbxd7
8.O-O Be7 9.dxc5 Nxc5 10.Nb3 Nce4 11.Nfd4 Qd7 12.f3 Nd6 13.Nc5 Qc8 14.Nd3 O-O
15.Be3 Re8 16.Bf2 Bd8 17.a4 Nf5 18.Qd2 Bb6 19.Nxf5 Bxf2+ 20.Qxf2 Qxf5 21.Rfe1 Qc8
22.Rxe8+ Qxe8 23.b3 Qc6 24.Re1 Re8 25.Rxe8+ Nxe8 26.Qe3 Kf8 27.Qxa7 Qxc2
28.Qc5+ Qxc5+ 29.Nxc5 b6 30.Nd7+ Ke7 31.Nxb6 Kd6 32.Kf2 Kc5 33.a5 Nc7 34.Ke3 Na6
35.Na4+ Kb4 36.Kd4 Nc7 37.Nb6 Ne6+ 38.Ke5 d4 39.a6 d3 40.a7 d2 41.a8=Q d1=Q
42.Nd5+ Kxb3 43.Qb7+  1-0

[Event "ch-GBR"]
[Site "Torquay ENG"]
[Date "2002.08.06"]
[Round "8"]
[White "Gormally,D"]
[Black "McShane,L"]
[Result "0-1"]
[WhiteElo "2525"]
[BlackElo "2544"]

1.e4 c5 2.Nf3 Nc6 3.d4 cxd4 4.Nxd4 Nf6 5.Nc3 e5 6.Ndb5 d6 7.Bg5 a6 8.Na3 b5
9.Bxf6 gxf6 10.Nd5 f5 11.exf5 Bxf5 12.c3 Bg7 13.Nc2 Be6 14.Nce3 Ne7 15.Nxe7 Qxe7
16.a4 b4 17.Bc4 bxc3 18.bxc3 O-O 19.O-O Rac8 20.Bxa6 Rxc3 21.Nd5 Bxd5 22.Qxd5 Rc5
23.Qb7 Qxb7 24.Bxb7 Rb8 25.Rfb1 e4 26.Bxe4 Rbc8 27.g3 Bxa1 28.Rxa1 Rc1+ 29.Rxc1 Rxc1+
30.Kg2 Rc4 31.Kf3 Rxa4 32.Ke3 Kg7 33.Bd5 f5 34.h3 f4+ 35.Kf3 fxg3 36.fxg3 Kf6
37.h4 Kf5 38.Bg8 Ra3+ 39.Kg2 h6 40.Kh3 Re3 41.Bh7+ Ke5  0-1

[Event "ch-GBR"]
[Site "Torquay ENG"]
[Date "2002.08.07"]
[Round "9"]
[White "McShane,L"]
[Black "Harikrishna,P"]
[Result "1/2-1/2"]
[WhiteElo "2544"]
[BlackElo "2568"]

1.e4 c5 2.Nf3 Nc6 3.Bb5 g6 4.O-O Bg7 5.c3 Nf6 6.Re1 O-O 7.d4 cxd4 8.cxd4 d5
9.e5 Ne8 10.h3 Nc7 11.Ba4 b5 12.Bb3 Bf5 13.Nh4 Bxb1 14.Rxb1 Ne6 15.Be3 Na5
16.f4 f5 17.exf6 Rxf6 18.f5 Nxb3 19.Qxb3 gxf5 20.Qxb5 Qd6 21.Rbc1 Rb8 22.Qe2 Rbf8
23.Nf3 Rg6 24.Kh1 Bf6 25.Bh6 Ng7 26.Bxg7 Kxg7 27.Rc2 Rb8 28.Qe6 Qxe6 29.Rxe6 Kf7
30.Ra6 Rb7 31.b3 Rg8 32.Ra4 Rd8 33.Kh2 Rd6 34.Kg3 Re6 35.Ra5 Rd7 36.Rcc5 Re2
37.Rxd5 Rxa2 38.Rxf5 Rxa5 39.Rxa5 Bxd4 40.Kf4 Bf6 41.Rb5 a6 42.Rb6 a5 43.g4 h6
44.h4 Ra7 45.g5 hxg5+ 46.hxg5 a4 47.gxf6 exf6 48.bxa4 Rxa4+ 49.Kg3 Ra3 50.Kf4 Ra4+
51.Kf5 Ra5+ 52.Ke4 Kg6 53.Nd2 Kg5 54.Rb4 f5+ 55.Ke3 Ra3+ 56.Kf2 f4 57.Nf3+ Kg4
58.Ng1 Ra5 59.Ne2 Rf5 60.Rb1 Ra5 61.Rb4 Rf5 62.Rb8 Ra5 63.Rg8+ Rg5 64.Ra8 Rb5
65.Ra4 Rf5 66.Ra1 Rh5 67.Rg1+ Kf5 68.Rg8 Rh2+ 69.Kf3 Rh3+ 70.Kg2 Rh6 71.Nd4+ Ke4
72.Nf3 Ra6 73.Re8+ Kf5 74.Kh3 Ra4 75.Re5+ Kf6 76.Kg4 Rb4 77.Ra5 Ke6 78.Ng5+ Kd6
79.Kf3 Kc6 80.Ne4 Rb5 81.Ra6+ Rb6 82.Ra3 Kd5 83.Ra5+ Kd4 84.Ra8 Rh6 85.Nf2 Rf6
86.Rd8+ Kc4 87.Ng4 Re6 88.Kxf4 Kc5 89.Ne5 Rh6 90.Nd3+ Kc6 91.Ke3 Re6+ 92.Kd2 Rd6
93.Rh8 Kd5 94.Rh4 Rf6 95.Nb4+ Kc5 96.Kc3 Rf5 97.Rd4 Rh5 98.Rc4+ Kb5 99.Nd3 Rh6
100.Rc5+ Kb6 101.Rf5 Rh4 102.Ne5 Rh1 103.Nf3 Rc1+ 104.Kd4 Rd1+ 105.Kc4 Rc1+
106.Kd5  1/2-1/2

[Event "ch-GBR"]
[Site "Torquay ENG"]
[Date "2002.08.08"]
[Round "10"]
[White "Gallagher,Jo"]
[Black "McShane,L"]
[Result "1/2-1/2"]
[WhiteElo "2517"]
[BlackElo "2544"]

1.e4 c5 2.Nf3 Nc6 3.Nc3 d6 4.d4 cxd4 5.Nxd4 e5 6.Nb3 Be7 7.Be3 Nf6 8.f3 Be6
9.Nd5 Bxd5 10.exd5 Nb4 11.c4 a5 12.Qd2 b6 13.Be2 Na6 14.Nc1 O-O 15.O-O Nd7
16.Bd3 Nac5 17.Bc2 f5 18.Ne2 f4 19.Bf2 Bh4 20.g3 Bg5 21.gxf4 Bxf4 22.Nxf4 Qg5+
23.Kh1 Qxf4 24.Qxf4 Rxf4 25.b3 Rxf3 26.Bh4 Rxf1+ 27.Rxf1 Re8 28.Kg2 e4 29.Bg3 Ne5
30.Re1 Nf7 31.Re3 g5 32.a3 Kg7 33.b4 axb4 34.axb4 Nd3 35.Bxd3 exd3 36.Rxe8 d2
37.Re1 dxe1=Q 38.Bxe1 Kf6 39.Bf2 Ne5  1/2-1/2

[Event "ch-GBR"]
[Site "Torquay ENG"]
[Date "2002.08.09"]
[Round "11"]
[White "McShane,L"]
[Black "Ramesh,R"]
[Result "0-1"]
[WhiteElo "2544"]
[BlackElo "2456"]

1.e4 c5 2.Nf3 Nc6 3.Bb5 e6 4.Bxc6 bxc6 5.d3 Ne7 6.Qe2 f6 7.Nh4 g6 8.f4 Bg7
9.O-O O-O 10.c4 d6 11.Nc3 h6 12.Be3 g5 13.Nf3 gxf4 14.Bxf4 e5 15.Bd2 Rb8
16.Nh4 Rxb2 17.Nd1 Rb7 18.Ne3 d5 19.Rad1 Rb2 20.Qh5 Qe8 21.Qf3 d4 22.Nef5 Bxf5
23.exf5 Kh7 24.g4 Rxa2 25.Qh3 Rh8 26.Nf3 Qd7 27.Rf2 a5 28.Rdf1 a4 29.Nxe5 fxe5
30.f6 Rxd2 31.Rxd2 Ng6 32.fxg7 Kxg7 33.Qh5 Qe7 34.Rdf2 Nf4 35.Rxf4 exf4 36.Kh1 a3
37.Rg1 Qg5 38.Qh3 a2 39.Qg2 Ra8 40.Ra1 Qf6 41.Qf3 Ra6 42.Kg2 Qe5 43.Qf2 Qe3
44.Rxa2 f3+ 45.Kg3 Rxa2 46.Qxa2 f2+ 47.Kg2 f1=Q+ 48.Kxf1 Qxd3+ 49.Kg2 Qe4+
50.Kg3 d3 51.Qa7+ Kf6 52.Qd7 Qe3+ 53.Kh4 d2 54.Qxc6+ Qe6 55.Qf3+ Kg7 56.Kh3 h5
57.Qb7+ Kh6 58.Kg3 Qxg4+ 59.Kf2 Qd4+  0-1

[Event "1st Milk Masters"]
[Site "Selfoss ISL"]
[Date "2002.10.08"]
[Round "1"]
[White "Thorfinnsson,Br"]
[Black "McShane,L"]
[Result "0-1"]
[WhiteElo "2357"]
[BlackElo "2546"]

1.d4 Nf6 2.c4 g6 3.Nc3 d5 4.Nf3 Bg7 5.Qb3 dxc4 6.Qxc4 O-O 7.e4 Nc6 8.Be2 Bg4
9.Be3 Bxf3 10.gxf3 e5 11.d5 Nd4 12.O-O-O Nh5 13.Kb1 c6 14.dxc6 bxc6 15.Na4 Qh4
16.Nc5 Nf4 17.Bxf4 Qxf4 18.h4 h5 19.Rxd4 exd4 20.Nd3 Qf6 21.Bd1 Rae8 22.a3 Kh7
23.Qc5 Re7 24.Rh3 Rb8 25.Ba4 Rb6 26.Bc2 Qe6 27.Nf4 Rxb2+ 28.Kxb2 d3+ 29.Kc1 Bh6
30.Bxd3 Bxf4+  0-1

[Event "1st Milk Masters"]
[Site "Selfoss ISL"]
[Date "2002.10.10"]
[Round "3"]
[White "Kristjansson,S"]
[Black "McShane,L"]
[Result "0-1"]
[WhiteElo "2431"]
[BlackElo "2546"]

1.e4 c5 2.Nf3 Nc6 3.Bb5 g6 4.O-O Bg7 5.c3 Nf6 6.Re1 O-O 7.h3 e5 8.d3 d6 9.Nbd2 Bd7
10.a3 Ne8 11.Nf1 h6 12.g4 f5 13.Bc4+ Kh7 14.Ne3 f4 15.Nd5 h5 16.gxh5 g5 17.Kg2 g4
18.hxg4 Bxg4 19.Rg1 Bh6 20.Kf1 Bxh5 21.Rh1 Ng7 22.Ke2 Qg5 23.Qf1 Ne6 24.Nf6+ Rxf6
25.Bxe6 Rxe6 26.Qh3 Bg4 27.Bd2 Bxh3  0-1

[Event "1st Milk Masters"]
[Site "Selfoss ISL"]
[Date "2002.10.11"]
[Round "4"]
[White "Stefansson,H"]
[Black "McShane,L"]
[Result "1/2-1/2"]
[WhiteElo "2566"]
[BlackElo "2546"]

1.e4 c5 2.Nf3 Nc6 3.Nc3 d6 4.d4 cxd4 5.Nxd4 e5 6.Nde2 Be7 7.Nd5 Nf6 8.Nxe7 Qxe7
9.Nc3 h6 10.Be3 Ng4 11.Bc1 Nf6 12.f3 O-O 13.Be3 Be6 14.Qd2 d5 15.Nxd5 Bxd5
16.exd5 Rfd8 17.c4 b5 18.b3 bxc4 19.bxc4 e4 20.Be2 exf3 21.gxf3 Nb4 22.Kf2 Nfxd5
23.cxd5 Rxd5 24.Qc3 Re8 25.Rae1 Qh4+ 26.Kf1 Rxe3 27.Qxe3 Qh3+  1/2-1/2

[Event "1st Milk Masters"]
[Site "Selfoss ISL"]
[Date "2002.10.12"]
[Round "5"]
[White "McShane,L"]
[Black "Sokolov,I"]
[Result "1/2-1/2"]
[WhiteElo "2546"]
[BlackElo "2684"]

1.e4 e5 2.Nc3 Nf6 3.g3 Bc5 4.Bg2 d6 5.Nge2 a6 6.d4 exd4 7.Nxd4 O-O 8.O-O Re8
9.h3 Nc6 10.Nxc6 bxc6 11.Re1 Rb8 12.b3 Be6 13.Qd2 d5 14.e5 Nd7 15.Bb2 Ba7
16.Ne2 Nc5 17.Nf4 Bf5 18.Bd4 Bb6 19.g4 Ne4 20.Qd3 Qh4 21.Bxb6 cxb6 22.Qe3 Bg6
23.Nxg6 hxg6 24.f4 g5 25.Bxe4 dxe4 26.Kg2 Rbd8 27.Rad1 gxf4 28.Qxf4 Rxd1
29.Rxd1 Qe7 30.Qxe4 Qxe5 31.Qxe5 Rxe5 32.Rd8+ Kh7 33.Kf3 a5 34.c4 b5  1/2-1/2

[Event "Olympiad"]
[Site "Bled SLO"]
[Date "2002.10.27"]
[Round "2"]
[White "McShane,L"]
[Black "Zagorskis,D"]
[Result "1/2-1/2"]
[WhiteElo "2546"]
[BlackElo "2481"]

1.e4 c5 2.Nf3 d6 3.Bc4 Nf6 4.d3 Nc6 5.O-O g6 6.h3 Bg7 7.Nc3 O-O 8.a3 a6 9.Be3 b5
10.Ba2 Bb7 11.Qd2 Rc8 12.Rac1 Qb6 13.Nh2 a5 14.Ng4 Nxg4 15.hxg4 e6 16.f4 b4
17.Nd1 a4 18.axb4 Nxb4 19.Bb1 f5 20.c3 Na6 21.gxf5 exf5 22.Bf2 Nc7 23.Ne3 Qc6
24.Bh4 Rce8 25.Rce1 Kh8 26.Rf2 Qd7 27.exf5 gxf5 28.Ba2 d5 29.Nc2 Rxe1+ 30.Nxe1 d4
31.Nf3 Bxf3 32.Rxf3 Re8 33.cxd4 Qxd4+ 34.Bf2 Qxb2 35.Qxb2 Bxb2 36.Bxc5 Nb5
37.Kh2 Bd4 38.Bb4 Bc3 39.Bc5 Bd4 40.Bb4 Bc3  1/2-1/2

[Event "Olympiad"]
[Site "Bled SLO"]
[Date "2002.10.28"]
[Round "3"]
[White "McShane,L"]
[Black "Paragua,M"]
[Result "1/2-1/2"]
[WhiteElo "2546"]
[BlackElo "2476"]

1.e4 c5 2.Nf3 d6 3.Bc4 Nf6 4.d3 Nc6 5.O-O g6 6.a3 Bg7 7.h3 O-O 8.Nc3 h6 9.Be3 e5
10.Rb1 Be6 11.Bxe6 fxe6 12.b4 b6 13.bxc5 bxc5 14.Nd2 Qe7 15.Ne2 Rab8 16.f4 Rxb1
17.Qxb1 Rb8 18.Qa2 Kh7 19.c3 exf4 20.Nxf4 d5 21.Bf2 Qd6 22.Bg3 Qd7 23.Nxg6 Rg8
24.Nf4 c4 25.exd5 Nxd5 26.Qxc4 Nxc3 27.Kh1 Nd4 28.Nh5 Rc8 29.Qa6 Nf5 30.Bf2 Rc6
31.Qxa7 Qxa7 32.Bxa7 Nb5 33.Bb8 Bd4 34.a4 Nc3 35.a5 Ne3 36.Rc1 e5 37.Nf3 Ra6
38.Bxe5 Bxe5 39.Nxe5 Rxa5 40.Rxc3 Ra1+ 41.Kh2 Nf1+ 42.Kg1 Ne3+ 43.Kh2 Nf1+  1/2-1/2

[Event "Olympiad"]
[Site "Bled SLO"]
[Date "2002.10.29"]
[Round "4"]
[White "McShane,L"]
[Black "Thorhallsson,T"]
[Result "1-0"]
[WhiteElo "2546"]
[BlackElo "2443"]

1.e4 e6 2.d4 d5 3.e5 c5 4.c3 Qb6 5.Nf3 Bd7 6.Be2 Bb5 7.c4 Bxc4 8.Bxc4 dxc4
9.d5 exd5 10.Qxd5 Ne7 11.Qxc4 Qa6 12.Na3 Qxc4 13.Nxc4 Nd5 14.Bg5 Nd7 15.O-O-O N7b6
16.Nxb6 Nxb6 17.Nd2 Be7 18.Bxe7 Kxe7 19.Ne4 Rhd8 20.Nd6 Rab8 21.f4 Na8 22.Kd2 Nc7
23.Ke3 Ne8 24.Ne4 b6 25.f5 Nc7 26.Nc3 g6 27.g4 h5 28.h3 hxg4 29.hxg4 gxf5
30.gxf5 Rxd1 31.Rxd1 Rh8 32.Ne4 Rh3+ 33.Kf2 Rh5 34.Nd6 f6 35.e6 Ne8 36.Nc8+ Kf8
37.Rd5 Kg7 38.Kg3 Kh6 39.Rd8 Ng7 40.Nd6 Rg5+ 41.Kf3 Nxf5 42.Nf7+ Kg6 43.Nxg5 fxg5
44.Ke4  1-0

[Event "Olympiad"]
[Site "Bled SLO"]
[Date "2002.10.30"]
[Round "5"]
[White "McShane,L"]
[Black "Salas,Cr"]
[Result "1-0"]
[WhiteElo "2546"]
[BlackElo "2356"]

1.e4 c5 2.Nf3 d6 3.Bc4 Nf6 4.d3 Nc6 5.O-O g6 6.h3 Bg7 7.a3 O-O 8.Nc3 a6 9.Be3 b5
10.Ba2 Bb7 11.Qd2 Rc8 12.Nh2 Nd4 13.f4 Nd7 14.Nd1 Nc6 15.Ng4 Nf6 16.Nxf6+ Bxf6
17.f5 Ne5 18.Bh6 Re8 19.Ne3 c4 20.d4 Nd7 21.Rf4 gxf5 22.Nxf5 Kh8 23.Raf1 Rg8
24.c3 Rg6 25.Bb1 Qb6 26.R4f2 Rcg8 27.Be3 Qc7 28.h4 Rf8 29.h5 Rg4 30.Bf4 Rgg8
31.Nh6 Rg7 32.Be3 Qb8 33.Qe2 Qe8 34.Nf5 Rgg8 35.Bh6 Qa8 36.Bxf8 Qxf8 37.Qc2 Rg4
38.Qe2 Rg5 39.Ne3 Qh6 40.Rf5 Rxf5 41.Nxf5 Qg5 42.Qf3 Qd2 43.Qg4 Qg5 44.Qxg5 Bxg5
45.Nxe7  1-0

[Event "Olympiad"]
[Site "Bled SLO"]
[Date "2002.10.31"]
[Round "6"]
[White "Eingorn,V"]
[Black "McShane,L"]
[Result "1/2-1/2"]
[WhiteElo "2600"]
[BlackElo "2546"]

1.Nf3 Nf6 2.c4 g6 3.b3 Bg7 4.Bb2 O-O 5.g3 d6 6.Bg2 e5 7.O-O Re8 8.Nc3 c6
9.e3 Na6 10.d3 Bd7 11.Rc1 Qc7 12.a3 Qc8 13.Ng5 Nc5 14.b4 Ne6 15.Nge4 Qc7
16.Nxf6+ Bxf6 17.Nd5 cxd5 18.cxd5 Qb6 19.dxe6 Rxe6 20.Bh3 Re7 21.Bxd7 Rxd7
22.Qb3 d5 23.Rc5 Rad8 24.Rfc1 h5 25.h3 Kg7 26.Qd1 Qe6 27.Kg2 d4 28.e4 h4
29.g4 Be7 30.Rc7 a6 31.R1c4 g5 32.Qc2 b5 33.R4c6 Rxc7 34.Rxc7 Rd7 35.Rc6 Rd6  1/2-1/2

[Event "Olympiad"]
[Site "Bled SLO"]
[Date "2002.11.10"]
[Round "14"]
[White "McShane,L"]
[Black "Markowski,T"]
[Result "1/2-1/2"]
[WhiteElo "2546"]
[BlackElo "2549"]

1.e4 c5 2.Nf3 e6 3.c3 d5 4.e5 d4 5.Bd3 Nc6 6.O-O Nge7 7.Re1 Nf5 8.Be4 Bd7
9.d3 Be7 10.Nbd2 O-O 11.Nb3 dxc3 12.bxc3 Na5 13.Nxa5 Qxa5 14.Rb1 Rab8 15.g4 Nh6
16.Bxh6 gxh6 17.Qd2 Kg7 18.g5 h5 19.Qf4 Bc6 20.Bxc6 bxc6 21.Qc4 Rb6 22.a4 Rfb8
23.Ra1 Rb3 24.Rec1 Qd8 25.Qe4 Qd5 26.Nd2 R3b7 27.Qe3 Rd7 28.Rab1 Rbd8 29.h4 Qxd3
30.Qxd3 Rxd3 31.Ne4 R8d7 32.Kg2 Kg6 33.Rb8 Rd8 34.Rb7 R3d7 35.Rb2 h6 36.f4 hxg5
37.hxg5 Kf5 38.Re1 h4 39.Rf2 Rd3 40.Kh2 c4 41.Rfe2 Rf3 42.Rb1 Rd7 43.a5 Rxf4
44.Nd2 Bc5 45.a6 Rd5 46.Rb7 Kg6 47.Rc7 Rf2+ 48.Rxf2 Bxf2 49.Nxc4 Rc5 50.Nd2 Rxe5
51.Nf3 Ra5 52.Rxc6 Be3 53.Nxh4+ Kxg5 54.Kg3 Kf6 55.Nf3 Bb6 56.c4 Ke7 57.Rc8 Kd7
58.Rf8 Bc7+ 59.Kg4 Ke7 60.Rc8 Kd7 61.Rf8 f5+ 62.Kg5 Rxa6 63.Rf7+ Kc8 64.Kf6 Rc6
65.Nd4 Rxc4 66.Nxe6 f4 67.Nxc7 Rxc7 68.Rf8+ Kb7 69.Ke5 a5 70.Rxf4 Kb6 71.Kd4 Kb5
72.Rf1 a4 73.Rb1+ Ka5 74.Rb8 a3 75.Kd3 Ka4 76.Ra8+ Kb3 77.Rb8+ Ka2 78.Kd2 Ka1
79.Rb6 Rh7 80.Kc2 Rh2+ 81.Kc1 Rb2 82.Ra6 Ka2 83.Ra8 Rb4 84.Kc2 Rc4+ 85.Kd2 Kb2
86.Rb8+ Ka1 87.Rb3 a2 88.Rb8 Rh4 89.Kc2 Rh1 90.Rb7 Rb1 91.Ra7 Rb2+ 92.Kc1 Rb8
93.Rc7 Rb6 94.Rc8  1/2-1/2

[Event "Bundesliga 2002-3"]
[Site "Emsdetten GER"]
[Date "2002.11.15"]
[Round "7"]
[White "Berelovich,A"]
[Black "McShane,L"]
[Result "0-1"]
[WhiteElo "2541"]
[BlackElo "2546"]

1.e4 c5 2.Nf3 Nc6 3.d4 cxd4 4.Nxd4 Nf6 5.Nc3 e5 6.Ndb5 d6 7.Bg5 a6 8.Na3 b5
9.Nd5 Be7 10.Bxf6 Bxf6 11.c3 O-O 12.Nc2 Rb8 13.h4 Be7 14.g3 Be6 15.Nce3 Qd7
16.a4 Bd8 17.axb5 axb5 18.b4 Ne7 19.Bg2 Bb6 20.Nxb6 Rxb6 21.O-O g6 22.Qd2 Rd8
23.Rfe1 Qb7 24.Ra3 Ra8 25.Rea1 Rxa3 26.Rxa3 h5 27.Qd1 Ra6 28.Rxa6 Qxa6 29.Bf1 Qc6
30.Qd3 Bd7 31.c4 bxc4 32.Qxc4 Qb7 33.b5 Kg7 34.Qa4 Nc8 35.Nd5 Be6 36.Bc4 Kf8
37.Qa6 Qb8 38.Kg2 Bxd5 39.Bxd5 Nb6 40.Bc6 Ke7 41.Kf3 Qc7 42.Ke2 Ke6 43.Kd3 f5
44.f3 Kf6 45.Qa3 g5 46.exf5 gxh4 47.gxh4 Kxf5 48.Ke2 Qg7 49.Kf2 Qf6 50.Qb4 d5
51.Ke2 Qg7 52.Kf2 Qg6 53.Ke2 Qg7 54.Qb1+ Ke6 55.Kf2 Qf6 56.Kg2 Qg7+ 57.Kf2 Qh6
58.Qb4 Nc4 59.Qc3 Qf4 60.Bxd5+ Kxd5 61.Qd3+ Kc5 62.b6 Qxh4+  0-1

[Event "Rilton Cup"]
[Site "Stockholm SWE"]
[Date "2002.12.31"]
[Round "5"]
[White "Lehtinen,H"]
[Black "McShane,L"]
[Result "0-1"]
[WhiteElo "2338"]
[BlackElo "2531"]

1.c4 e5 2.g3 c6 3.d4 Bb4+ 4.Bd2 Bxd2+ 5.Qxd2 d6 6.Bg2 Qe7 7.Nc3 Nf6 8.e3 Nbd7
9.Nge2 O-O 10.O-O Re8 11.h3 Nf8 12.e4 a6 13.a4 a5 14.f4 Ne6 15.Rad1 h6 16.Kh2 exd4
17.Nxd4 Nc5 18.Rfe1 Qc7 19.Qc2 Be6 20.b3 Rad8 21.Rd2 Bc8 22.Qd1 Nh7 23.Kh1 Bd7
24.Kh2 Nf8 25.Kh1 Qb6 26.Kh2 Bc8 27.Qc2 Nfe6 28.Nce2 Nxd4 29.Nxd4 Re7 30.Qc3 Rde8
31.Rde2 f6 32.Bf3 Qc7 33.Re3 Be6 34.Bh5 Bf7 35.Bf3 Rd7 36.Nf5 Bg6 37.g4 Bxf5
38.gxf5 Rde7 39.Bh5 Rd8 40.Bf3 d5 41.exd5 Qxf4+ 42.Kh1 Rxe3 43.Qxe3 Qh4 44.Bg2 Nd3
45.Qe6+ Kh7 46.Re3 Ne5 47.Qe7 Qg5 48.Re1 Rb8 49.d6 Qg3 50.Rf1 Qxb3 51.Rg1 Rg8
52.c5 Qb4 53.Rc1 Nd3 54.Rf1 Qxc5 55.Qxb7 Nf2+ 56.Kh2 Qxd6+ 57.Kg1 Rb8 58.Qxc6 Nxh3+
59.Kh1 Nf2+ 60.Kg1 Nh3+ 61.Kh1 Qxc6 62.Bxc6 h5 63.Kg2 Ng5 64.Rd1 Rb2+ 65.Kg3 Rb3+
66.Kg2 Rc3 67.Be8 h4 68.Rd4 h3+ 69.Kf2 Nf3 70.Rd8 Ne5 71.Bh5 h2 72.Kg2 Rh3  0-1

[Event "Bundesliga 2002-3"]
[Site "Tegernsee GER"]
[Date "2003.01.11"]
[Round "8"]
[White "Sokolov,And"]
[Black "McShane,L"]
[Result "1/2-1/2"]
[WhiteElo "2569"]
[BlackElo "2568"]

1.e4 c5 2.Nf3 Nc6 3.d4 cxd4 4.Nxd4 Nf6 5.Nc3 e5 6.Ndb5 d6 7.Bg5 a6 8.Na3 b5
9.Bxf6 gxf6 10.Nd5 f5 11.Bd3 Be6 12.O-O Bxd5 13.exd5 Ne7 14.c3 Bg7 15.Qh5 e4
16.Bc2 Qc8 17.Rae1 O-O 18.Bb1 Re8 19.f3 Qc5+ 20.Kh1 e3 21.f4 Nxd5 22.Qxf5 Nf6
23.Bd3 e2 24.Rxe2 Rxe2 25.Qxc5 dxc5 26.Bxe2 Rd8 27.Rd1 Rxd1+ 28.Bxd1 Nd5
29.g3 Ne3 30.Be2 b4 31.Nb1 a5 32.Kg1 Nd5 33.cxb4 axb4 34.Bc4 Bd4+ 35.Kh1 Ne3
36.b3 Kg7 37.a4 bxa3 38.Nxa3 Bc3 39.Nb5 Be1 40.Nd6 f5 41.Nb7 Bb4 42.Nd8 Kf6
43.Kg1 h5 44.Nc6 Bc3 45.Kf2 Ng4+ 46.Kg2 Ne3+ 47.Kf3 Nc2 48.Kf2 h4 49.gxh4 Nd4
50.Nb8 Ke7 51.h5 Kd6 52.h6 Kc7 53.h7 Nxb3 54.Bxb3 Kxb8 55.Kg3 Kc7 56.Kh4 Kd6
57.Kg5 Ke7 58.Kxf5 Kf8 59.Kg6 Bh8 60.h4 Ke7 61.f5 c4 62.Bxc4 Kf8 63.h5 Ke7
64.Bb3 Kf8 65.f6 Ke8  1/2-1/2